LEADER 03440nam 22006371 450 001 9910786401103321 005 20230725035438.0 010 $a3-03813-516-X 035 $a(CKB)2670000000348295 035 $a(EBL)1872559 035 $a(SSID)ssj0001189687 035 $a(PQKBManifestationID)11770915 035 $a(PQKBTitleCode)TC0001189687 035 $a(PQKBWorkID)11175839 035 $a(PQKB)10621171 035 $a(Au-PeEL)EBL1872559 035 $a(CaPaEBR)ebr10777682 035 $a(OCoLC)868960583 035 $a(MiAaPQ)EBC1872559 035 $a(EXLCZ)992670000000348295 100 $a20110427h20112011 uy 0 101 0 $aeng 135 $aur|n|---||||| 181 $ctxt 182 $cc 183 $acr 200 00$aDefects and diffusion studied using PAC spectroscopy /$fedited by Herbert Jaeger, Matthew O. Zacate 210 1$aZurich-Durnten, Switzerland :$cTrans Tech Publications,$d[2011] 210 4$dİ2011 215 $a1 online resource (185 p.) 225 1 $aDefect and diffusion forum,$x1012-0386 ;$vv. 311 300 $a"Special topic volume with invited peer reviewed papers only." 311 $a3-03785-045-0 320 $aIncludes bibliographical references and index. 327 $aDefects and Diffusion Studied Using PAC Spectroscopy; Preface; Table of Contents; 1. Review Articles; Perturbed Angular Correlation Spectroscopy - A Tool for the Study of Defects and Diffusion at the Atomic Scale; Impurities in Magnetic Materials Studied by PAC Spectroscopy; Impurity Centers in Oxides Investigated by ?-? Perturbed Angular Correlation Spectroscopy and Ab Initio Calculations; Can PAC Measurements be Used to Investigate Defects in Nano-Structures?; 2. Current Research Articles 327 $aTiO2 Nanomaterials Studied by 44Ti(EC)44Sc Time Differential Perturbed Angular Correlations: Volume and Surface PropertiesComparison of Jump Frequencies of 111In/Cd Tracer Atoms in Sn3R and In3R Phases Having the L12 Structure (R = Rare-Earth); Implanted Impurities in Wide Band Gap Semiconductors; Keywords Index; Authors Index 330 $aThe motivation for this special-topic volume was two-fold. Among the various techniques for probing material properties at the atomic scale, PAC is a somewhat hidden gem. This is partly because PAC requires the use of radioisotopes; thus rendering it almost useless as a non-destructive characterization method. Moreover, there are relatively few PAC isotopes available; so it is not always possible to apply PAC to the most technologically pressing problems. Thus, PAC studies of materials are often more fundamental, and less applied, in nature. One of the goals of this volume was to raise the pro 410 0$aDiffusion and defect data.$nPt. A,$pDefect and diffusion forum ;$vv. 311. 606 $aSolids$xDefects 606 $aDiffusion 606 $aAngular correlations (Nuclear physics) 606 $aPerturbation (Quantum dynamics) 615 0$aSolids$xDefects. 615 0$aDiffusion. 615 0$aAngular correlations (Nuclear physics) 615 0$aPerturbation (Quantum dynamics) 676 $a660.294 701 $aJaeger$b Herbert$01483663 701 $aZacate$b Matthew O$01483664 801 0$bMiAaPQ 801 1$bMiAaPQ 801 2$bMiAaPQ 906 $aBOOK 912 $a9910786401103321 996 $aDefects and diffusion studied using PAC spectroscopy$93701902 997 $aUNINA LEADER 01740nam 2200529 450 001 9910818062103321 005 20230808194038.0 010 $a0-19-061504-4 010 $a0-19-024404-6 035 $a(CKB)3710000000742775 035 $a(EBL)4706578 035 $a(PQKBManifestationID)16535217 035 $a(PQKBWorkID)15061529 035 $a(PQKB)25074509 035 $a(MiAaPQ)EBC4706578 035 $a(Au-PeEL)EBL4706578 035 $a(CaPaEBR)ebr11274940 035 $a(OCoLC)953030438 035 $a(EXLCZ)993710000000742775 100 $a20161013h20162016 uy 0 101 0 $aeng 135 $aur|n|---||||| 181 $ctxt 182 $cc 183 $acr 200 14$aThe life of the Madman of U? /$fDavid M. DiValerio 210 1$aNew York, New York :$cOxford University Press,$d2016. 210 4$dİ2016 215 $a1 online resource (249 p.) 300 $aDescription based upon print version of record. 311 $a0-19-024402-X 311 $a0-19-024403-8 320 $aIncludes bibliographical references and index. 330 $aThe Life of the Madman of ? is a complete English translation of the biography of the Tibetan Buddhist ascetic K?nga Zangpo (1458-1532), who was renowned for adopting an extreme and unique form of tantric asceticism. 606 $aBka?-brgyud-pa (Sect)$vBiography 615 0$aBka?-brgyud-pa (Sect) 676 $a294.3/923092 686 $aREL007050$aHIS003000$2bisacsh 700 $aDiValerio$b David M.$01716637 702 $aDiValerio$b David M. 801 0$bMiAaPQ 801 1$bMiAaPQ 801 2$bMiAaPQ 906 $aBOOK 912 $a9910818062103321 996 $aThe life of the Madman of U?$94112087 997 $aUNINA